Central Library OPAC University of Rajshahi

Project management for business and technology : (Record no. 75851)

MARC details
000 -LEADER
fixed length control field 01213nam a2200325 a 4500
001 - CONTROL NUMBER
control field 75851
003 - CONTROL NUMBER IDENTIFIER
rucl marc code BD-RjUL
005 - DATE AND TIME OF LATEST TRANSACTION
control field 20211209082744.0
008 - FIXED-LENGTH DATA ELEMENTS--GENERAL INFORMATION
fixed length control field 190728r20062001ii a b 001 0 eng
020 ## - INTERNATIONAL STANDARD BOOK NUMBER
International Standard Book Number 0130183288
International Standard Book Number 8120321340
035 ## - SYSTEM CONTROL NUMBER
System control number (BD-RjUL)76070
040 ## - CATALOGING SOURCE
Original cataloging agency DLC
Transcribing agency DLC
Modifying agency DLC
-- BD-RjUL
Language of cataloging eng
041 ## - LANGUAGE CODE
Language code of text/sound track or separate title eng
042 ## - AUTHENTICATION CODE
Authentication code pcc
082 00 - DEWEY DECIMAL CLASSIFICATION NUMBER
Edition number 21
Classification number 658.404
Author mark and year NIP 2006
100 1# - MAIN ENTRY--PERSONAL NAME
Personal name Nicholas, John M.,
Dates associated with a name 1945-
9 (RLIN) 232527
245 10 - TITLE STATEMENT
Title Project management for business and technology :
Remainder of title principles and practice /
Statement of responsibility, etc. John M. Nicholas.
250 ## - EDITION STATEMENT
Edition statement 2nd ed.
260 ## - PUBLICATION, DISTRIBUTION, ETC. (IMPRINT)
Place of publication, distribution, etc. Upper Saddle River, N.J. ;
-- New Delhi
Name of publisher, distributor, etc. Prentice Hall;
-- Prentice Hall of India,
Date of publication, distribution, etc. c2001, [Printing 2006]
300 ## - PHYSICAL DESCRIPTION
Pagination xix, 603 p. :
Illustrations ill. ;
Size 26 cm. +
Accompanying material 1 computer optical disc (4 3/4 in.)
500 ## - GENERAL NOTE
General note Rev. ed. of: Managing business and engineering projects.
504 ## - BIBLIOGRAPHY, ETC. NOTE
Bibliography, etc Includes bibliographical references and indexes.
650 #0 - SUBJECT ADDED ENTRY--TOPICAL TERM
Topical term or geographic name as entry element Project management.
9 (RLIN) 232528
700 1# - ADDED ENTRY--PERSONAL NAME
Personal name Nicholas, John M.,
Dates associated with a name 1945-
942 ## - ADDED ENTRY ELEMENTS (KOHA)
Source of classification or shelving scheme Dewey Decimal Classification
Koha item type Books
Holdings
Lost status Source of classification or shelving scheme Damaged status Not for loan Collection code Permanent Location Current Location Shelving location Date acquired Source of acquisition Cost, normal purchase price Total Checkouts Full call number Date last seen Copy number Koha item type
  Dewey Decimal Classification   Not For Loan Non-fiction Central Library, University of Rajshahi Central Library, University of Rajshahi Reading Room 28/05/2008 Paragon Interprise , Dhaka 375.00   658.404 NIP 2006 28/07/2019 C-1 Books